| 000 | 00565nam a2200097Ia 4500 | ||
|---|---|---|---|
| 008 | 170517s9999 xx 000 0 und d | ||
| 245 | _aBig Bucks, Big Pharma: Marketing Disease and Pushing Drugs | ||
| 300 | _aBig Bucks, Big Pharma pulls back the curtain on the multi-billion dollar pharmaceutical industry to expose the insidious ways that illness is used, manipulated, and in some instances created, for capital gain. Focusing on the industry's marketing practices, media... | ||
| 650 | _xTechnology. | ||
| 856 | _uhttp://topdocumentaryfilms.com/big-bucks-big-pharma/ | ||
| 999 |
_c335014 _d335014 |
||